000 00786nab a2200241 u 4500
001 13203
003 HDC
007 cr bn ---aaaaa
008 210212c my dr|nes 0 |0eng
040 _aHDC
245 0 _aMiddle East markets interested in Lao salt
260 _a[no place] :
_b[publisher not identified],
_c[no year]
336 _atext
_2rdacontent
337 _acomputer
_2rdamedia
338 _aonline resource
_2rdacarrier
650 _aHalal export
_96113
650 _aHalal food industry
_9128
710 _aAsia News Network
856 _zRequest full-text at [email protected]
942 _2lcc
942 _cNEWS
942 _kNWSO 002857
999 _c10519
_d10519